[Event "Mistrzostwa Polski Juniorów Młodszych"]
[Site "Suwałki, Poland"]
[Date "2025.04.25"]
[Round "3.11"]
[White "Czech, Franciszek"]
[Black "Wojtun, Maksymilian"]
[Result "1-0"]
[WhiteElo "1864"]
[BlackElo "1694"]
[PlyCount "69"]
[EventDate "2025.??.??"]

1. e4 c5 2. Nf3 e6 3. d4 cxd4 4. Nxd4 a6 5. Bd3 Nf6 6. O-O b5 7. a4 bxa4 8. Rxa4 Bb7 9. Nc3 Qc7 10. h3 Be7 11. Be3 d6 12. Nb3 Nbd7 13. Qe2 O-O 14. f4 Bc6 15. Ra2 a5 16. Rfa1 a4 17. Nd4 Nc5 18. Nxc6 Qxc6 19. Bd4 Nxd3 20. cxd3 Rfb8 21. Rxa4 Rxa4 22. Rxa4 h6 23. Ra7 e5 24. Bf2 Bd8 25. fxe5 dxe5 26. Kh2 Nh7 27. Nd5 Qc1 28. b4 Ng5 29. Be3 Qb1 30. h4 Ne6 31. Qf3 f6 32. Qg4 Ng5 33. hxg5 hxg5 34. Qh5 Rxb4 35. Qf7+ 1-0